| 000 | 00481nam a2200157 a 4500 | ||
|---|---|---|---|
| 008 | 120416s1990 ||||||||||||||||| || u | ||
| 020 | _a0273031945 | ||
| 050 | _aHA 29 Owe | ||
| 100 | _aOwen, Frank | ||
| 245 | 1 | 0 | _aStatistics |
| 250 | _a3rd ed. | ||
| 260 |
_aLondon _bPitmans _c1990 |
||
| 300 | _axi, 480p. : ill. | ||
| 350 | _a0.00 | ||
| 995 |
_D0.00 _FCBU-MAIN LIBRARY (Kitwe) _H1 _I14.99 _UDAMAGED _ZMain Library Open Access Collection |
||
| 999 |
_c58331 _d58331 |
||